|
|
|
|
| LEADER |
00995nam a2200301 a 4500 |
| 001 |
3920 |
| 003 |
BD-DhAAL |
| 005 |
20150415120136.0 |
| 008 |
150415s1997 ilua 001 0 eng |
| 010 |
|
|
|a 96036240
|
| 020 |
|
|
|a 0256219958
|
| 040 |
|
|
|a DLC
|c DLC
|d DLC
|d BD-DhAAL
|
| 050 |
0 |
0 |
|a LB1062.6
|b .F47 1997
|
| 082 |
0 |
0 |
|a 370.15
|2 20
|
| 100 |
1 |
|
|a Ferrett, Sharon K.
|9 10375
|
| 245 |
1 |
0 |
|a Peak performance :
|b success in college & beyond /
|c Sharon K. Ferrett.
|
| 250 |
|
|
|a 2nd ed.
|
| 260 |
|
|
|a Chicago :
|b Irwin Mirror Press,
|c c1997.
|
| 300 |
|
|
|a xxii, 521 p. :
|b ill. ;
|c 28 cm.
|
| 500 |
|
|
|a Includes index.
|
| 541 |
|
|
|e 3920
|
| 650 |
|
0 |
|a Academic achievement.
|9 8799
|
| 650 |
|
0 |
|a Performance.
|9 9608
|
| 650 |
|
0 |
|a Career development.
|9 10376
|
| 650 |
|
0 |
|a Success.
|9 10377
|
| 942 |
|
|
|2 ddc
|c BK
|
| 999 |
|
|
|c 34227
|d 34227
|
| 952 |
|
|
|0 0
|1 0
|2 ddc
|4 0
|6 370_150000000000000_FER
|7 0
|9 53441
|a SCL
|b SCL
|c GEN
|d 2015-04-15
|e Gift: The Asia Foundation
|l 0
|o 370.15 FER
|p 3020003920
|r 2015-04-15
|t 1
|w 2015-04-15
|y BK
|